000 00536nam a2200181Ia 4500
008 151018s9999 xx 000 0 und d
082 _bRBASDV25520
_a891.463
100 _aचारुशीला भिडे
245 _aनातं
250 _b1
260 _bकल्पना प्रकाशन नांदेड
300 _a127
600 _aचारुशीला भिडे
630 _aनातं
700 _aचारुशीला भिडे
730 _aनातं
942 _cBOOK
999 _c1025133
_d1025130